|
|
|
|
| LEADER |
01062nam a22003011a 4500 |
| 001 |
c000172965 |
| 003 |
CARM |
| 005 |
20040310120344.0 |
| 008 |
711005s1967 mau b 000 0 eng |
| 010 |
|
|
|a 67021292
|
| 019 |
1 |
|
|a 673022
|5 LACONCORD2021
|
| 035 |
|
|
|a (OCoLC)527125
|5 LACONCORD2021
|
| 040 |
|
|
|a LC
|b eng
|c LC
|d AIAC
|
| 050 |
0 |
0 |
|a QA263
|b .A5
|
| 082 |
0 |
0 |
|a 330/.01/8
|
| 082 |
0 |
4 |
|a 330/.01/8
|2 19
|
| 100 |
1 |
|
|a Almon, Clopper.
|
| 245 |
1 |
0 |
|a Matrix methods in economics /
|c Clopper Almon.
|
| 260 |
|
|
|a Reading, Mass. :
|b Addison-Wesley Pub. Co.,
|c [1967].
|
| 300 |
|
|
|a x, 164 p. ;
|c 24 cm.
|
| 490 |
0 |
|
|a Addison-Wesley series in behavioral sciences: quantitative methods
|
| 504 |
|
|
|a Bibliography: p. 153-154.
|
| 650 |
|
0 |
|a Matrices.
|
| 650 |
|
0 |
|a Programming (Mathematics)
|
| 650 |
|
0 |
|a Economics, Mathematical.
|
| 852 |
8 |
|
|b CARM
|h A2:AN18F0
|i C06187
|p 0165579
|f BK
|
| 999 |
f |
f |
|i 08b4037d-3700-5c4a-951b-5af53ededf13
|s 8cb61cbd-4fca-53ef-92c0-4c81ed6db518
|
| 952 |
f |
f |
|p Can circulate
|a CAVAL
|b CAVAL
|c CAVAL
|d CARM 1 Store
|e C06187
|f A2:AN18F0
|h Other scheme
|i book
|m 0165579
|